| 000 | 00636nam a2200241Ia 4500 | ||
|---|---|---|---|
| 003 | OSt | ||
| 005 | 20221123142228.0 | ||
| 008 | 210423s2013 xx 000 0 und d | ||
| 020 | _a978-0-521-54548-8 | ||
| 040 | _cAL | ||
| 041 | _aeng | ||
| 082 | _a512.02 BHAB | ||
| 100 |
_aBHATTACHARYA (P B);JAIN (S K);NAGPAUL (S R). _963414 |
||
| 245 | _aBasic abstract algebra Ed 2 | ||
| 250 | _a2 | ||
| 260 |
_aNew Delhi _bCambridge University Press _c2013 |
||
| 300 |
_axx,487 _bPB |
||
| 365 |
_b345 _cINR |
||
| 650 |
_aAlgebra _963415 |
||
| 650 |
_aMathematics _963416 |
||
| 906 | _aabstract ; algebra ; Basic ; Ed | ||
| 942 |
_2ddc _cBK |
||
| 999 |
_c165564 _d165564 |
||